النشرة السنوية لإستصلاح الأراضي عام 2020/2019 / Annual Bulletin of Lands Reclamation 2019/2020./
تمثل الزراعة قطاعا هاما من قطاعات التنمية الزراعية والاجتماعية في مصر، والعامل الأساسي للتنمية الاقتصادية بزيادة الإنتاج الزراعي من خلال التوسع الأفقي بتشجيع الاستثمار في مجال استصلاح الأراضي وإنشاء المجتمعات. لذا يقوم الجهاز المركزي للتعبئة العامة والإحصاء بإصدار النشرة السنوية لاستصلاح الأراضي، وت...
| 主要作者: | |
|---|---|
| 企业作者: | |
| 格式: | 序列 |
| 语言: | 阿拉伯语 |
| 出版: |
القاهرة :
الجهاز المركزى للتعبئة العامة والإحصاء.
2020
|
| 主题: | |
| 标签: |
添加标签
没有标签, 成为第一个标记此记录!
|
MARC
| LEADER | 00000nas a2200000 a 4500 | ||
|---|---|---|---|
| 003 | INP | ||
| 005 | 20211121113712.0 | ||
| 008 | 110719c2021uuuuua ar r s o0 f0ara d | ||
| 952 | |0 0 |1 0 |4 0 |6 631_600000000000000_ن_ش_2020_2019 |7 0 |9 21286 |a INP |b INP |c MAIN |d 2021-11-14 |l 0 |o 631.6 ن ش 2020 / 2019 |p 022302 |r 2022-03-28 00:00:00 |w 2021-11-14 |y PUB |0 0 | ||
| 999 | |c 17245 |d 17245 | ||
| 040 | |a EG-INP |c EG-INP |b ara | ||
| 041 | 0 | |a ara | |
| 082 | 0 | 4 | |a 631.6 |b ن ش 2020 / 2019 |2 21 |
| 100 | |a الجهاز المركزي للتعبئة العامة والإحصاء. | ||
| 245 | 0 | 2 | |a النشرة السنوية لإستصلاح الأراضي عام 2020/2019 / |b Annual Bulletin of Lands Reclamation 2019/2020./ |
| 246 | 1 | 1 | |a Annual Bulletin of Lands Reclamation 2019/2020. |
| 260 | |a القاهرة : |b الجهاز المركزى للتعبئة العامة والإحصاء. |c 2020 | ||
| 300 | |a مج. : |b ايض. ؛ |c 29 سم | ||
| 310 | |a سنوى | ||
| 500 | |a "مرجع رقم 71- 22128- 2020." | ||
| 500 | |a بني الوصف على : عام 2019 / 2020. | ||
| 500 | |a إصدار يونيو 2021. | ||
| 520 | |a تمثل الزراعة قطاعا هاما من قطاعات التنمية الزراعية والاجتماعية في مصر، والعامل الأساسي للتنمية الاقتصادية بزيادة الإنتاج الزراعي من خلال التوسع الأفقي بتشجيع الاستثمار في مجال استصلاح الأراضي وإنشاء المجتمعات. لذا يقوم الجهاز المركزي للتعبئة العامة والإحصاء بإصدار النشرة السنوية لاستصلاح الأراضي، وتتضمن بيانات عن مساحة الأراضي المستصلحة وحجم الإنتاج النباتي والحيواني للمساحات المنزرعة من تلك الأراضي موزعة طبقا للمحافظات والمشروع. | ||
| 546 | |a النص باللغتين العربية والإنجليزية. | ||
| 650 | 7 | |a استصلاح الأراضي |v احصائيات |2 qrmak | |
| 650 | 7 | |a الأراضى الزارعية |x اقتصاديات |2 qrmak | |
| 650 | 7 | |a الزراعة والدولة |v دوريات. |2 qrmak | |
| 650 | 7 | |a التخطيط الاقتصادى |2 qrmak | |
| 650 | 7 | |a التصحر |2 qrmak | |
| 650 | 7 | |a الموارد الطبيعية. |2 qrmak | |
| 710 | 1 | |a مصر. |b الجهاز المركزي للتعبئة العامة والإحصاء. | |
| 901 | |a egpv34 | ||
| 902 | |a EGPV3 | ||
| 903 | |a original | ||
| 942 | |c PUB |2 ddc | ||